[Event "World Youth Open U16 2016"]
[Site "Khanty-Mansiysk RUS"]
[Date "2016.10.01"]
[Round "9.14"]
[White "Lobanov, Sergei"]
[Black "Cadilhac, Igor Tokuichi Kikuchi"]
[Result "1-0"]
[BlackTitle "FM"]
[WhiteElo "2432"]
[BlackElo "2269"]
[WhiteFideId "24183750"]
[BlackFideId "2132150"]
[EventDate "2016.09.22"]

1. Nf3 c5 2. c4 Nc6 3. Nc3 g6 4. e3 Bg7 5. d4 cxd4 6. exd4 d6 7. Be2 Nf6 8. d5
Nb8 9. O-O Bg4 10. Be3 Nbd7 11. h3 Bxf3 12. Bxf3 O-O 13. Rc1 Rc8 14. b3 Qa5 15.
Re1 a6 16. Bd4 Rfe8 17. Be2 b5 18. cxb5 axb5 19. b4 Qxb4 20. Rb1 Qa5 21. Rxb5
Qc7 22. Qb3 Nc5 23. Bxc5 dxc5 24. Bc4 Kh8 25. Rb7 Qd6 26. Nb5 Qf4 27. g3 Qf5 28.
Kg2 Ne4 29. Qe3 Nf6 30. Rxe7 Rxe7 31. Qxe7 Nxd5 32. Qb7 Nf4+ 33. gxf4 Rf8 34.
Qe4 Qd7 35. Qd5 1-0

[Event "World Youth Open U16 2016"]
[Site "Khanty-Mansiysk RUS"]
[Date "2016.10.01"]
[Round "9.15"]
[White "Tiglon, Bryce"]
[Black "Saydaliev, Saidakbar"]
[Result "1/2-1/2"]
[WhiteTitle "FM"]
[WhiteElo "2292"]
[BlackElo "2403"]
[WhiteFideId "2087456"]
[BlackFideId "14203693"]
[EventDate "2016.09.22"]

1. e4 e5 2. Nf3 Nc6 3. Bb5 a6 4. Ba4 Nf6 5. O-O Be7 6. Re1 b5 7. Bb3 d6 8. c3
O-O 9. h3 Bb7 10. d4 Re8 11. Nbd2 Bf8 12. Bc2 g6 13. Bd3 Nb8 14. Qc2 Nbd7 15. a4
c6 16. Nf1 Bg7 17. dxe5 dxe5 18. Be3 Bf8 19. c4 Nb6 20. Red1 Nbd7 21. Ng3 b4 22.
c5 a5 23. Nd2 Qc7 24. Nb3 Rad8 25. Nf1 Nh5 26. g3 Ng7 27. Nfd2 Ne6 28. Be2 h5
29. Nc4 Ndxc5 30. Ncxa5 Nxb3 31. Nxb3 c5 32. Bb5 Bc6 33. Bxc6 Qxc6 34. Na5 Qa8
35. Nc4 Nd4 36. Bxd4 exd4 37. e5 Bg7 38. f4 Qf3 39. Qd3 Qxd3 40. Rxd3 f6 41.
exf6 Bxf6 42. Kf2 Re6 43. Re1 Kf7 44. Rxe6 Kxe6 45. b3 Kd5 46. Kf3 Re8 47. Rd1
Bd8 48. a5 Bc7 49. a6 Ra8 50. Ra1 Ra7 51. Ra2 Bd8 52. g4 hxg4+ 53. hxg4 Bc7 54.
g5 Bd8 55. Kg4 d3 56. Rd2 Ke4 57. Ne5 Rxa6 58. Nxd3 Ke3 59. Nxc5 Kxd2 60. Nxa6
Kc3 1/2-1/2

[Event "World Youth Open U16 2016"]
[Site "Khanty-Mansiysk RUS"]
[Date "2016.10.01"]
[Round "9.16"]
[White "Urban, Konstantin"]
[Black "Mirzoyan, David"]
[Result "1-0"]
[BlackTitle "FM"]
[WhiteElo "2361"]
[BlackElo "2322"]
[WhiteFideId "12927511"]
[BlackFideId "13308386"]
[EventDate "2016.09.22"]

1. d4 Nf6 2. c4 e6 3. Nc3 Bb4 4. Qc2 O-O 5. Nf3 d6 6. Bd2 b6 7. e4 c5 8. e5 cxd4
9. exf6 dxc3 10. bxc3 Qxf6 11. Ng5 g6 12. h4 Bb7 13. Bd3 Bc5 14. O-O-O Nd7 15.
h5 Ne5 16. hxg6 Nxd3+ 17. Qxd3 Qxg6 18. Bf4 Ba3+ 19. Kc2 e5 20. Kb3 Qxd3 21.
Rxd3 Bc5 22. Be3 e4 23. Rd2 f6 24. Bxc5 fxg5 25. Bxd6 Rf5 26. Bg3 Raf8 27. Rd7
R5f7 28. Rhd1 Kg7 29. Be5+ Kg6 30. g4 h5 31. R1d6+ Kh7 32. gxh5 e3 33. fxe3 Bf3
34. h6 Bh5 35. Bg7 Rxd7 36. Rxd7 Rf7 37. Rd5 Kg6 38. Rxg5+ Kxg5 39. h7 Rxg7 40.
h8=Q Kg6 41. Qe8+ Kh6 42. Qe6+ Rg6 43. Qe5 Bg4 44. Qf4+ Kh5 45. Qc7 a6 46. c5
bxc5 47. Qxc5+ Kh4 48. c4 Bf3 49. Qf5 1-0

[Event "World Youth Open U16 2016"]
[Site "Khanty-Mansiysk RUS"]
[Date "2016.10.01"]
[Round "9.17"]
[White "Nurzhanov, Timur"]
[Black "Lodici, Lorenzo"]
[Result "1-0"]
[BlackTitle "FM"]
[WhiteElo "2087"]
[BlackElo "2359"]
[WhiteFideId "13709780"]
[BlackFideId "884189"]
[EventDate "2016.09.22"]

1. d4 f5 2. Bg5 g6 3. h4 Nh6 4. Nf3 Nf7 5. Bf4 Bg7 6. e3 d6 7. Bc4 d5 8. Bd3 c5
9. c4 cxd4 10. exd4 O-O 11. O-O Nc6 12. cxd5 Qxd5 13. Nc3 Qd8 14. d5 Nce5 15.
Bc2 Nc4 16. Bb3 Na5 17. Nb5 Nd6 18. Nbd4 Qb6 19. Be5 Nxb3 20. axb3 Bxe5 21. Nxe5
Qc5 22. Ndf3 Ne4 23. Rc1 Qd6 24. Qd4 Rd8 25. Rfd1 Nf6 26. Ng5 Qb6 27. Qc4 Qa6
28. Qb4 Qd6 29. Qd4 Qb6 30. Rc5 Rf8 31. b4 h6 32. Nxg6 hxg5 33. hxg5 Rf7 34.
gxf6 exf6 35. d6 Bd7 36. Qh4 Kg7 37. Rd3 Bb5 38. Rg3 Qxd6 39. Rxb5 1-0

[Event "World Youth Open U16 2016"]
[Site "Khanty-Mansiysk RUS"]
[Date "2016.10.01"]
[Round "9.18"]
[White "Janik, Igor"]
[Black "Turar, Dastan"]
[Result "1/2-1/2"]
[WhiteTitle "FM"]
[WhiteElo "2322"]
[BlackElo "2205"]
[WhiteFideId "1159259"]
[BlackFideId "13707639"]
[EventDate "2016.09.22"]

1. e4 c5 2. Nf3 d6 3. d4 cxd4 4. Nxd4 Nf6 5. Nc3 a6 6. h3 e5 7. Nde2 Be7 8. g4
b5 9. Bg2 Bb7 10. O-O Nbd7 11. Ng3 O-O 12. g5 Ne8 13. h4 g6 14. a4 Nc7 15. Bh3
Nc5 16. b4 Nxa4 17. Nxa4 bxa4 18. c4 a5 19. b5 Ne6 20. Qxa4 Nf4 21. Bxf4 exf4
22. Ne2 f3 23. Ng3 Bc8 24. Bxc8 Qxc8 25. Qb3 f6 26. c5+ Kh8 27. cxd6 Bxd6 28.
Qxf3 fxg5 29. Qd3 Be5 30. Rac1 Qg4 1/2-1/2

[Event "World Youth Open U16 2016"]
[Site "Khanty-Mansiysk RUS"]
[Date "2016.10.01"]
[Round "9.19"]
[White "Carnicelli, Valerio"]
[Black "Stabulnieks, Klavs"]
[Result "0-1"]
[WhiteElo "2329"]
[BlackElo "2069"]
[WhiteFideId "856185"]
[BlackFideId "11603984"]
[EventDate "2016.09.22"]

1. e4 c5 2. Nf3 e6 3. d4 cxd4 4. Nxd4 a6 5. Bd3 Nf6 6. O-O Qc7 7. c4 d6 8. Nc3
Nbd7 9. Be3 g6 10. Rc1 Bg7 11. f4 O-O 12. Qf3 Nc5 13. Bb1 b6 14. b4 Ncd7 15. h3
Bb7 16. Rfd1 Rfd8 17. Qf2 Rac8 18. Nb3 Ba8 19. Bd3 Qb8 20. a4 Bf8 21. Qb2 Bg7
22. Qb1 Qb7 23. Qa2 Nh5 24. Qe2 f5 25. exf5 exf5 26. Nd5 Re8 27. Qf2 Nhf6 28.
Nxf6+ Bxf6 29. Rc2 Nf8 30. Nd4 Qg7 31. Nf3 Bxf3 32. Qxf3 Rxe3 33. Qd5+ Qf7 0-1

[Event "World Youth Open U16 2016"]
[Site "Khanty-Mansiysk RUS"]
[Date "2016.10.01"]
[Round "9.20"]
[White "Den Hartog, Marijn"]
[Black "Gazik, Viktor"]
[Result "0-1"]
[BlackTitle "FM"]
[WhiteElo "2190"]
[BlackElo "2429"]
[WhiteFideId "1046098"]
[BlackFideId "14928752"]
[EventDate "2016.09.22"]

1. e4 b6 2. d4 Bb7 3. Bd3 e6 4. Nf3 c5 5. O-O Nf6 6. Re1 Be7 7. c4 d6 8. Nc3
cxd4 9. Nxd4 Nbd7 10. b3 O-O 11. Bb2 Re8 12. Qe2 Ne5 13. Bc2 Ng6 14. Rad1 a6 15.
Qe3 Ng4 16. Qd2 Bg5 17. Qe2 N4e5 18. Qf1 Qe7 19. Nde2 Nf4 20. Nxf4 Bxf4 21. h3
Nc6 22. Ne2 Bh6 23. f4 e5 24. Qf2 b5 25. cxb5 axb5 26. Ng3 g6 27. f5 Bf4 28. Ne2
Bg5 29. Bd3 Nb4 30. Nc3 Nxd3 31. Rxd3 b4 32. Nd5 Bxd5 33. Rxd5 0-1

[Event "World Youth Open U16 2016"]
[Site "Khanty-Mansiysk RUS"]
[Date "2016.10.01"]
[Round "9.21"]
[White "Doluweera, Minul Sanjula"]
[Black "Mesaros, Florian"]
[Result "1/2-1/2"]
[WhiteTitle "CM"]
[BlackTitle "FM"]
[WhiteElo "2127"]
[BlackElo "2321"]
[WhiteFideId "9910760"]
[BlackFideId "1629220"]
[EventDate "2016.09.22"]

1. d4 Nf6 2. c4 g6 3. Nc3 d5 4. Bg5 Bg7 5. Bxf6 Bxf6 6. cxd5 c6 7. Rc1 O-O 8.
dxc6 Nxc6 9. e3 Bg7 10. Nf3 Qa5 11. Be2 e5 12. O-O exd4 13. Nxd4 Nxd4 14. exd4
Rd8 15. d5 Bxc3 16. Rxc3 Qxa2 17. Qc1 Qxd5 18. Rc7 Qf5 19. h3 h5 20. Bf3 Rb8 21.
Qc3 Be6 22. Bxb7 Qb5 23. Be4 Rdc8 24. Rxc8+ Rxc8 25. Qa3 Qe5 26. Bb7 Rb8 27. Bf3
a5 28. Qc3 Qxc3 29. bxc3 a4 30. Ra1 Bb3 31. Ra3 Rc8 32. Be2 Rc5 33. c4 Kg7 34.
f4 Rc8 35. Kf2 Kf6 36. g4 h4 37. g5+ Ke7 38. Ke3 Bxc4 39. Rxa4 Bxe2 40. Kxe2 Rc3
41. Re4+ Kd6 42. Re3 Rc1 43. Kf2 1/2-1/2

[Event "World Youth Open U16 2016"]
[Site "Khanty-Mansiysk RUS"]
[Date "2016.10.01"]
[Round "9.22"]
[White "Laurent-Paoli, Pierre"]
[Black "Tifferet, Shaked"]
[Result "1/2-1/2"]
[WhiteTitle "FM"]
[BlackTitle "FM"]
[WhiteElo "2305"]
[BlackElo "2220"]
[WhiteFideId "26017962"]
[BlackFideId "2811529"]
[EventDate "2016.09.22"]

1. c4 Nf6 2. Nc3 g6 3. e4 d6 4. d4 Bg7 5. f4 O-O 6. Nf3 c5 7. d5 e6 8. Be2 exd5
9. cxd5 Re8 10. e5 dxe5 11. fxe5 Ng4 12. e6 fxe6 13. Bg5 Qb6 14. Qd2 c4 15.
O-O-O Nd7 16. d6 Nc5 17. Rhf1 Bd7 18. h3 Ne5 19. Nxe5 Bxe5 20. Bf6 Bxc3 21. bxc3
Ne4 22. Qh6 Nxf6 23. Rxf6 Qa5 24. Rxg6+ hxg6 25. Qxg6+ Kh8 26. Qf6+ Kg8 27. Qg6+
Kh8 28. Qh6+ Kg8 29. Qg6+ 1/2-1/2

[Event "World Youth Open U16 2016"]
[Site "Khanty-Mansiysk RUS"]
[Date "2016.10.01"]
[Round "9.23"]
[White "German, Nikita"]
[Black "Askerov, Marat"]
[Result "1/2-1/2"]
[BlackTitle "FM"]
[WhiteElo "2106"]
[BlackElo "2299"]
[WhiteFideId "24175501"]
[BlackFideId "24175200"]
[EventDate "2016.09.22"]

1. e4 e6 2. d4 d5 3. Nd2 c5 4. exd5 Qxd5 5. Ngf3 cxd4 6. Bc4 Qd6 7. O-O Nf6 8.
Nb3 Nc6 9. Nbxd4 Nxd4 10. Nxd4 a6 11. Re1 Qc7 12. Qe2 Bd7 13. Bb3 O-O-O 14. c4
Bb4 15. Rd1 e5 16. Nc2 Bg4 17. Rxd8+ Rxd8 18. f3 Bc5+ 19. Be3 Bf5 20. Bxc5 Qxc5+
21. Qe3 Qa5 22. c5 Qd2 23. Rc1 e4 24. Qxd2 Rxd2 25. Ne3 exf3 26. Nxf5 Rxg2+ 27.
Kf1 Ng4 28. Rc2 Nxh2+ 29. Ke1 Ng4 30. Kf1 Nh2+ 31. Ke1 Ng4 32. Kf1 Rxc2 33. Bxc2
Kc7 34. Be4 g6 35. Nd6 Ne3+ 36. Kf2 Nd1+ 37. Kxf3 Nxb2 38. Nxf7 Nd1 39. Ng5 Nc3
40. Ke3 Nxa2 41. Nxh7 1/2-1/2

[Event "World Youth Open U16 2016"]
[Site "Khanty-Mansiysk RUS"]
[Date "2016.10.01"]
[Round "9.24"]
[White "Min, Po-Yen"]
[Black "Mitrabha, Guha"]
[Result "0-1"]
[BlackTitle "FM"]
[WhiteElo "1842"]
[BlackElo "2286"]
[WhiteFideId "16300203"]
[BlackFideId "5057000"]
[EventDate "2016.09.22"]

1. d4 Nf6 2. c4 e6 3. Nf3 b6 4. g3 Ba6 5. b3 Bb4+ 6. Bd2 Be7 7. Bg2 c6 8. O-O d5
9. Bc3 dxc4 10. Ne5 O-O 11. bxc4 Bb7 12. Nd2 Qc7 13. Qb3 Nbd7 14. Ndf3 c5 15.
Nxd7 Nxd7 16. d5 exd5 17. cxd5 Bf6 18. Nd2 Rfe8 19. Rfe1 Rac8 20. Bxf6 Nxf6 21.
e4 c4 22. Qc3 Qc5 23. Bh3 Rc7 24. Rac1 b5 25. Kg2 Rce7 26. a4 Nxe4 27. Nxe4 Rxe4
28. Rxe4 Rxe4 29. Kf1 b4 30. Qc2 Bxd5 31. Bf5 Re8 32. Bxh7+ Kf8 33. Qf5 c3 34.
Kg1 b3 35. Qf4 b2 36. Rf1 c2 37. Bxc2 Qxc2 38. Qd6+ Kg8 0-1

[Event "World Youth Open U16 2016"]
[Site "Khanty-Mansiysk RUS"]
[Date "2016.10.01"]
[Round "9.25"]
[White "Banzea, Alexandru-Bogdan"]
[Black "Lintner, Igor"]
[Result "1/2-1/2"]
[WhiteTitle "FM"]
[WhiteElo "2284"]
[BlackElo "2065"]
[WhiteFideId "1232622"]
[BlackFideId "14932970"]
[EventDate "2016.09.22"]

1. e4 e6 2. d4 d5 3. Nc3 Bb4 4. e5 c5 5. Bd2 Ne7 6. a3 Bxc3 7. Bxc3 cxd4 8. Qxd4
Nbc6 9. Qg4 Qb6 10. Nf3 Bd7 11. b4 Nf5 12. b5 Qc5 13. Bd2 Ncd4 14. Nxd4 Qxd4 15.
Qxd4 Nxd4 16. Bd3 Bxb5 17. Bxb5+ Nxb5 18. Ke2 b6 19. Kd3 Kd7 20. h4 Rac8 21. a4
Nc7 22. a5 Na6 23. axb6 Nc5+ 24. Kd4 axb6 25. f3 Ra8 26. Bb4 Na6 27. Bd6 Rhc8
28. Ra2 Nb4 29. Rxa8 Nc6+ 30. Kd3 Rxa8 31. Rb1 Ra6 32. h5 Na5 33. Ra1 Ra8 34. g4
Rc8 35. g5 Rh8 1/2-1/2

[Event "World Youth Open U16 2016"]
[Site "Khanty-Mansiysk RUS"]
[Date "2016.10.01"]
[Round "9.27"]
[White "Villca, Julian"]
[Black "Voinikonis, Nikita"]
[Result "1-0"]
[WhiteTitle "FM"]
[WhiteElo "2234"]
[BlackElo "2055"]
[WhiteFideId "134902"]
[BlackFideId "34187500"]
[EventDate "2016.09.22"]

1. c4 Nf6 2. Nf3 g6 3. g3 Bg7 4. Bg2 O-O 5. O-O d6 6. d4 Nc6 7. Nc3 Bf5 8. b3 e5
9. dxe5 dxe5 10. Bb2 Qe7 11. Nh4 Bg4 12. h3 Rad8 13. Qc1 Be6 14. Ba3 Nb4 15. Nf3
e4 16. Ng5 Bh6 17. h4 c5 18. Qe3 Bf5 19. f3 Rfe8 20. fxe4 Nxe4 21. Bxb4 cxb4 22.
Nd5 Qd6 23. Bxe4 Rxe4 24. Qf3 Rg4 25. Nf4 Bxg5 26. hxg5 Rxg5 27. Rad1 Qc5+ 28.
e3 Rxd1 29. Rxd1 Kf8 30. Rd8+ Kg7 1-0

[Event "World Youth Open U16 2016"]
[Site "Khanty-Mansiysk RUS"]
[Date "2016.10.01"]
[Round "9.28"]
[White "Yordanov, Lachezar"]
[Black "Zamar Kodelja, Jurij"]
[Result "1-0"]
[WhiteElo "2300"]
[BlackElo "2126"]
[WhiteFideId "2918927"]
[BlackFideId "14609649"]
[EventDate "2016.09.22"]

1. d4 Nf6 2. c4 c5 3. d5 b5 4. cxb5 a6 5. bxa6 g6 6. Nc3 Bxa6 7. g3 d6 8. Bg2
Bg7 9. Nf3 Nfd7 10. Qc2 Nb6 11. h4 h6 12. h5 g5 13. Nh2 Nc4 14. O-O Qa5 15. Ng4
Nd7 16. Nd1 Nde5 17. Nxe5 Bxe5 18. f4 gxf4 19. gxf4 Bf6 20. Kh2 Rb8 21. Nc3 Kf8
22. Rf3 Rg8 23. Rb1 Bc8 24. Bh3 Bxh3 25. Rxh3 Rg4 26. a4 Qb4 27. e4 Qb3 28. Qe2
Rg8 29. e5 dxe5 30. Ne4 Qa2 31. Qc2 Rc8 32. Nc3 Na3 33. Qe4 Qc4 34. bxa3 Qf1 35.
Be3 Qa6 36. fxe5 Bg5 37. Bxg5 Rxg5 38. Rg1 Rb8 39. Rxg5 hxg5 40. Nb5 Qa5 41. Rg3
Qd2+ 42. Rg2 Qd1 43. Qg4 1-0

[Event "World Youth Open U16 2016"]
[Site "Khanty-Mansiysk RUS"]
[Date "2016.10.01"]
[Round "9.29"]
[White "Riess, Alexander"]
[Black "Savic, Mihailo S"]
[Result "0-1"]
[WhiteTitle "FM"]
[WhiteElo "2227"]
[BlackElo "2067"]
[WhiteFideId "12953326"]
[BlackFideId "919934"]
[EventDate "2016.09.22"]

1. d4 Nf6 2. c4 e6 3. Nc3 Bb4 4. Qc2 O-O 5. Nf3 d6 6. g3 Qe7 7. a3 Bxc3+ 8. Qxc3
Nbd7 9. Bg2 e5 10. O-O Re8 11. d5 a5 12. b3 Ne4 13. Qc2 f5 14. Bb2 Ndf6 15. b4
Bd7 16. Nd2 Ng5 17. e3 f4 18. Rae1 fxg3 19. fxg3 axb4 20. axb4 Bh3 21. Bxh3
Nxh3+ 22. Kg2 Ng5 23. Bc3 Qd7 24. Qf5 Qxf5 25. Rxf5 Nge4 26. Nxe4 Nxe4 27. Rc1
Ra2+ 28. Kh3 g6 29. Rff1 Nf2+ 30. Kh4 Nd3 31. Rcd1 Rxh2+ 32. Kg5 Nf2 0-1

[Event "World Youth Open U16 2016"]
[Site "Khanty-Mansiysk RUS"]
[Date "2016.10.01"]
[Round "9.30"]
[White "Koziol, Kamil"]
[Black "Thilakarathne, G M S"]
[Result "1-0"]
[WhiteElo "2212"]
[BlackElo "1900"]
[WhiteFideId "1161555"]
[BlackFideId "9913475"]
[EventDate "2016.09.22"]

1. e4 c5 2. Nf3 e6 3. d4 cxd4 4. Nxd4 a6 5. Bd3 Nf6 6. O-O Qc7 7. Qe2 d6 8. c4
g6 9. Nc3 Bg7 10. Rd1 O-O 11. Nf3 Nc6 12. h3 Nd7 13. Be3 Bxc3 14. bxc3 f6 15.
Rab1 Rd8 16. Nd4 Nc5 17. f4 Na5 18. Bc2 e5 19. Nb3 Be6 20. f5 Bxc4 21. Qf2 Naxb3
22. axb3 Bf7 23. c4 Qe7 24. Rd2 a5 25. Rbd1 b6 26. h4 Kh8 27. Rf1 Rf8 28. fxg6
Bxg6 29. Bh6 Rf7 30. Qe2 Kg8 1-0

[Event "World Youth Open U16 2016"]
[Site "Khanty-Mansiysk RUS"]
[Date "2016.10.01"]
[Round "9.31"]
[White "Kalinouski, Siarhei"]
[Black "Bold, Khosbayar"]
[Result "1/2-1/2"]
[WhiteElo "2169"]
[BlackElo "1926"]
[WhiteFideId "13507060"]
[BlackFideId "4903692"]
[EventDate "2016.09.22"]

1. e4 c5 2. Nf3 d6 3. d4 cxd4 4. Nxd4 Nf6 5. Nc3 Nc6 6. Be3 e5 7. Nb3 Be6 8. Be2
Be7 9. O-O a5 10. Nd2 O-O 11. Nc4 d5 12. exd5 Nxd5 13. Nxd5 Qxd5 14. Qxd5 Bxd5
15. Nb6 Rad8 16. Nxd5 Rxd5 17. Bc4 Rd7 18. c3 e4 19. Bb5 Rd5 20. Ba4 Kh8 21.
Rad1 Rxd1 22. Rxd1 Rd8 23. Rxd8+ Bxd8 24. Bb3 f5 25. Be6 g6 26. Bc8 b6 27. Bb7
Ne5 28. f3 exf3 29. gxf3 Kg8 30. Bd5+ Kf8 31. c4 Nd3 32. Kf1 Nxb2 33. Ke2 Na4
34. Bh6+ Ke7 35. Bg8 Bc7 36. h4 Bg3 37. Bxh7 Kf7 38. h5 gxh5 39. Bxf5 Kf6 40.
Bh3 Nc3+ 41. Kd2 Nxa2 42. Be3 Bc7 43. f4 Nb4 44. Kc3 Nc6 45. Bd7 Nd8 46. Bf2 Ke7
47. Bh3 Ne6 48. Bh4+ Kf7 49. f5 Be5+ 50. Kb3 Nd4+ 51. Ka4 Ne2 52. Bg2 Bf6 53.
Bf2 Bd4 54. Bh4 Nc3+ 55. Kb3 Ne2 56. Bf3 Nf4 57. Ka4 Kg7 58. Kb5 Kh6 59. Bd1 Nd3 1/2-1/2

[Event "World Youth Open U16 2016"]
[Site "Khanty-Mansiysk RUS"]
[Date "2016.10.01"]
[Round "9.32"]
[White "Donoso Diaz, Sebastian"]
[Black "Poleg, Dan"]
[Result "1-0"]
[WhiteTitle "FM"]
[WhiteElo "2005"]
[BlackElo "2321"]
[WhiteFideId "3416097"]
[BlackFideId "2812398"]
[EventDate "2016.09.22"]

1. e4 e5 2. Nf3 Nc6 3. Bb5 g6 4. d4 exd4 5. Bg5 Be7 6. Bxe7 Qxe7 7. Bxc6 dxc6 8.
Qxd4 Nf6 9. Nc3 O-O 10. O-O-O Be6 11. h3 b6 12. Qe5 Rad8 13. g4 Rfe8 14. Nd4 Rd6
15. Qf4 Bd7 16. Rhe1 c5 17. e5 Rxd4 18. exf6 Qd6 19. Rxe8+ Bxe8 20. Rxd4 Qxd4
21. Ne4 Bc6 22. Qh6 1-0

[Event "World Youth Open U16 2016"]
[Site "Khanty-Mansiysk RUS"]
[Date "2016.10.01"]
[Round "9.33"]
[White "Shkurkin, Andrey"]
[Black "Khodashneli, Shota"]
[Result "1-0"]
[WhiteTitle "FM"]
[WhiteElo "2190"]
[BlackElo "1926"]
[WhiteFideId "34179647"]
[BlackFideId "13616757"]
[EventDate "2016.09.22"]

1. Nf3 Nf6 2. g3 g6 3. Bg2 Bg7 4. O-O d5 5. c4 c6 6. d4 O-O 7. b3 Ne4 8. Bb2 Be6
9. Nbd2 Nxd2 10. Nxd2 f5 11. Rc1 a5 12. Nf3 h6 13. Ne5 Kh7 14. cxd5 Bxd5 15. f3
Qb6 16. Kh1 Bxe5 17. dxe5 Nd7 18. Bd4 Qb5 19. a4 Qb4 20. Bc3 Qb6 21. Bd4 Qc7 22.
Bb2 Rad8 23. Qxd5 Nf6 24. Qc5 Nd5 25. f4 b6 26. Qf2 Nb4 27. Rfd1 Rc8 1-0

[Event "World Youth Open U16 2016"]
[Site "Khanty-Mansiysk RUS"]
[Date "2016.10.01"]
[Round "9.34"]
[White "Svidersky, Nikita"]
[Black "Anaskin, Arsenij"]
[Result "1-0"]
[WhiteElo "1979"]
[BlackElo "2153"]
[WhiteFideId "13513133"]
[BlackFideId "357790"]
[EventDate "2016.09.22"]

1. e4 e5 2. Nf3 Nc6 3. Bb5 Nge7 4. Nc3 g6 5. d4 exd4 6. Nd5 Bg7 7. Bg5 h6 8. Bf6
Bxf6 9. Nxf6+ Kf8 10. O-O a6 11. Bxc6 Nxc6 12. Nd5 d6 13. Nxd4 Kg7 14. Qd2 Ne5
15. f4 c6 16. fxe5 cxd5 17. Qf2 Rf8 18. Qf6+ Qxf6 19. exf6+ Kg8 20. exd5 Bd7 21.
Rfe1 Rfe8 22. Kf2 Rac8 23. Rxe8+ Rxe8 24. Re1 Kf8 25. Rxe8+ Kxe8 26. Ke3 Kd8 27.
Ne2 Bf5 28. c4 Kd7 29. Kd4 b6 30. b4 Bb1 31. Nc3 Bc2 32. c5 dxc5+ 33. bxc5 bxc5+
34. Kxc5 Kc7 35. Ne2 g5 36. Nd4 Bb1 37. a3 Kd7 38. Nc6 Ke8 39. Ne5 Ba2 40. Kc6
h5 41. d6 Kd8 42. d7 Be6 43. Kd6 1-0

[Event "World Youth Open U16 2016"]
[Site "Khanty-Mansiysk RUS"]
[Date "2016.10.01"]
[Round "9.35"]
[White "Mohammad, Fahim"]
[Black "Plaza Reino, Agustin"]
[Result "1-0"]
[WhiteElo "2090"]
[BlackElo "1891"]
[WhiteFideId "10206248"]
[BlackFideId "32083483"]
[EventDate "2016.09.22"]

1. d4 d5 2. c4 e6 3. Nf3 Nf6 4. Bg5 Nbd7 5. e3 h6 6. Bh4 Be7 7. Nc3 O-O 8. Qc2
c5 9. Rd1 Qa5 10. cxd5 Nxd5 11. Bxe7 Nxe7 12. Be2 Nd5 13. O-O cxd4 14. Nxd4 N7f6
15. Nxd5 exd5 16. Qb3 Qb6 17. Qxb6 axb6 18. a3 Be6 19. f3 Rfe8 20. Rc1 1-0

[Event "World Youth Open U16 2016"]
[Site "Khanty-Mansiysk RUS"]
[Date "2016.10.01"]
[Round "9.36"]
[White "D'Avino, Gianfranco"]
[Black "Sezdbekov, Arzybek"]
[Result "1/2-1/2"]
[WhiteElo "2085"]
[BlackElo "1861"]
[WhiteFideId "884979"]
[BlackFideId "13802046"]
[EventDate "2016.09.22"]

1. d4 Nf6 2. c4 e5 3. dxe5 Ng4 4. Nf3 Nc6 5. e3 Bb4+ 6. Nbd2 Ngxe5 7. Nxe5 Nxe5
8. a3 Bxd2+ 9. Bxd2 O-O 10. Be2 d6 11. Bc3 Qe7 12. O-O Be6 13. c5 Rfd8 14. Qd4
f6 15. cxd6 Rxd6 16. Qh4 Nc6 17. b4 Qf7 18. b5 Ne7 19. Bb4 Rd5 20. Rac1 Ng6 21.
Qg3 Rc8 22. f4 f5 23. Rcd1 Qd7 24. e4 Rxd1 25. Rxd1 Qe8 26. exf5 Bxf5 27. Bc4+
Kh8 28. Re1 Qd7 29. Qe3 c6 30. a4 h5 31. h3 cxb5 32. Bxb5 Qd5 33. Re2 a6 34. Rd2
Qe4 35. Qxe4 Bxe4 36. Bd7 Rc4 37. Bd6 Bc6 38. Bxc6 bxc6 39. g3 Kg8 40. f5 Nh8
41. a5 Nf7 42. Bc7 Rc5 43. Rb2 Rb5 44. Rc2 Rxf5 45. Rxc6 Rf6 46. Rxf6 gxf6 47.
Kf2 Ng5 48. Ke3 Kf7 49. h4 Ne6 50. Bb6 f5 51. Kd3 Ke7 52. Kc4 Kd6 53. Bd4 Kc6
54. Be5 Nd8 1/2-1/2

[Event "World Youth Open U16 2016"]
[Site "Khanty-Mansiysk RUS"]
[Date "2016.10.01"]
[Round "9.37"]
[White "Hiebert, Kenji"]
[Black "Petersen, Caleb"]
[Result "1/2-1/2"]
[WhiteElo "2066"]
[BlackElo "1884"]
[WhiteFideId "7001959"]
[BlackFideId "2622734"]
[EventDate "2016.09.22"]

1. e4 c5 2. Nf3 d6 3. Bb5+ Bd7 4. Bxd7+ Qxd7 5. O-O Nc6 6. c3 Nf6 7. Re1 e6 8.
d4 d5 9. e5 Ne4 10. Nbd2 Nxd2 11. Bxd2 Be7 12. Rc1 O-O 13. dxc5 Bxc5 14. Ng5 f6
15. exf6 Rxf6 16. Be3 Bxe3 17. Rxe3 Raf8 18. Qd3 Rg6 19. Nf3 Qf7 20. Qe2 a6 21.
Re1 Re8 22. a4 Qf5 23. b4 Qg4 24. g3 Rh6 25. Ne5 Nxe5 26. Rxe5 Qxe2 27. R1xe2
Kf7 28. c4 dxc4 29. Rc5 Rf6 30. Rxc4 Rf5 31. Rc7+ Re7 32. Rec2 Rd5 33. Kg2 Red7
34. Kf3 Rd3+ 35. Ke2 Kf6 36. Rxd7 1/2-1/2

[Event "World Youth Open U16 2016"]
[Site "Khanty-Mansiysk RUS"]
[Date "2016.10.01"]
[Round "9.38"]
[White "Van Der Lingen, Cornelis Petrus"]
[Black "Garbowski, Jakub"]
[Result "0-1"]
[WhiteElo "1826"]
[BlackElo "2030"]
[WhiteFideId "14306620"]
[BlackFideId "1164929"]
[EventDate "2016.09.22"]

1. e4 e5 2. Nf3 Nc6 3. d4 exd4 4. Nxd4 Nf6 5. Nc3 Bc5 6. Be3 Bb6 7. Nxc6 bxc6 8.
Bxb6 axb6 9. Bd3 O-O 10. O-O d5 11. Re1 Re8 12. exd5 cxd5 13. Bb5 Rxe1+ 14. Qxe1
Bb7 15. a3 d4 16. Nd1 Bxg2 17. Kxg2 Qd5+ 18. f3 Qxb5 19. Qd2 Qe5 20. Nf2 Nd5 21.
Re1 Ne3+ 22. Kh1 Qf4 23. Qe2 Re8 24. Rg1 Re6 25. Nd3 Qf5 26. Qf2 g6 27. Ne1 c5
28. Qd2 Nd5 29. Rf1 Nf4 30. Rf2 h5 31. Ng2 Nxg2 32. Kxg2 Re3 33. c3 Rd3 34. Qc2
dxc3 35. bxc3 h4 36. Rf1 Rxf3 37. Qxf5 Rxf5 38. Rxf5 gxf5 39. Kh3 Kg7 40. Kxh4 0-1